Music Quiz

Random Music or Lyrics Quiz

'Rich Girl' Lyrics by Hall & Oates Quiz Stats

 Plays Quiz not verified by Sporcle

Challenge
Share
Tweet
Embed
Score 0/191 Timer 10:00
0 Plays Today
% Correct
a
99.8%
a
99.8%
a
99.8%
a
99.8%
a
99.8%
a
99.8%
you
99.6%
You
99.6%
You
99.6%
you
99.6%
you
99.6%
you
99.6%
you
99.6%
you
99.6%
you
99.6%
You
99.6%
you
99.6%
you
99.6%
you
99.6%
you
99.6%
You
99.6%
You
99.6%
you
99.6%
ya
99.6%
rich
99.4%
CHORUS
99.4%
CHORUS:
99.4%
CHORUS
99.4%
rich
99.4%
rich
99.4%
rich,
99.4%
rich
99.4%
girl,
99.2%
girl,
99.2%
girl,
99.2%
girl
99.2%
girl
99.2%
it
98.8%
it
98.8%
it
98.8%
it
98.8%
it
98.8%
to
98.6%
to
98.6%
to
98.6%
to
98.6%
and
98.4%
and
98.4%
And
98.4%
And
98.4%
You're
98%
too
98%
money
98%
money
98%
too
98%
money
98%
too
98%
too
98%
too
98%
money
98%
money
98%
You're
98%
you're
98%
money
98%
% Correct
too
98%
too
98%
know
97.8%
know
97.8%
know,
97.8%
know
97.8%
know
97.8%
far
97.5%
far
97.5%
far
97.5%
far
97.5%
far
97.5%
far
97.5%
far
97.5%
don't
97.3%
can
97.3%
can
97.3%
don't
97.3%
Don't
97.3%
Don't
97.3%
can
97.3%
don't
97.3%
can
97.3%
can
97.3%
on
96.9%
on
96.9%
on
96.9%
on
96.9%
on
96.9%
old
96.7%
old
96.7%
old
96.7%
old
96.7%
anyway
96.5%
man's
96.5%
man's
96.5%
It's
96.5%
it's
96.5%
anyway
96.5%
it's
96.5%
your
96.5%
It's
96.5%
man's
96.5%
man's
96.5%
matter
96.3%
matter
96.3%
the
95.9%
the
95.9%
the
95.9%
the
95.9%
the
95.9%
the
95.9%
rely
95.1%
rely
95.1%
rely
95.1%
rely
95.1%
bitch
94.9%
gone
93.7%
gone
93.7%
gone,
93.7%
you've
91.2%
but
90.4%
but
90.4%
But
90.4%
% Correct
but
90.4%
get
89.4%
Get
89.4%
get
89.4%
get
89.4%
get
89.4%
won't
87.6%
won't
87.6%
So
84.5%
so
84.5%
That
84.1%
that
84.1%
'Cause
80.8%
'Cause
80.8%
'Cause
80.8%
'cause
80.8%
what
76.9%
own
74.7%
can't
73.9%
can't
73.9%
of
73.3%
of
73.3%
be
72.9%
be
72.9%
take
72.2%
oh
71.6%
Oh,
71.6%
Oh,
71.6%
when
70.6%
is
70%
all,
67.5%
wrong
67.1%
give,
65.9%
Say
65.1%
say
65.1%
Say
65.1%
easy
64.9%
given
61.8%
feel
60.4%
never
60.2%
you'll
60%
out
58.2%
much
57.6%
love
57.5%
For
57.1%
strong
55.9%
strong
55.9%
pain
55.7%
others
54.9%
rain
54.5%
hurt
53.9%
High
53.7%
thrill
53.5%
dry,
47.8%
grow
47.8%
yeah
47.5%
try
46.5%
if
45.1%
along
44.9%
live
42.9%
there's
35.3%
you'd
30.4%
rather
21.2%

You're not logged in!

Compare scores with friends on all Sporcle quizzes.
Join for Free
OR
Log In

You Might Also Like...

Show Comments

Extras

Created Apr 13, 2015SourceReportNominate
Tags:Lyrics Quiz, girl, hall, rich

Top Quizzes Today


Score Distribution

Your Account Isn't Verified!

In order to create a playlist on Sporcle, you need to verify the email address you used during registration. Go to your Sporcle Settings to finish the process.

Report this User

Report this user for behavior that violates our Community Guidelines.

Details: